| 000 | 00858nam a2200205 i 4500 | ||
|---|---|---|---|
| 001 | 60422 | ||
| 003 | ES-MaACL | ||
| 005 | 20251014063123.0 | ||
| 007 | t| | ||
| 008 | 031104s1919 sp ||||1| spa d | ||
| 100 | 1 |
_aEscrivá de Romaní y de la Quintana, Manuel, _cConde de Casal, _d1871-1954 _947664 |
|
| 245 | 1 | 0 |
_aHistoria de la cerámica de Alcora _b: estudio crítico de la fábrica : recetas originales a sus mas afamados artífices antiguos reglamentos de la misma / _cpor Manuel Escrivá de Romani de la Quintana. |
| 260 |
_aMadrid : _bFortanet, _c1919. |
||
| 300 |
_a564 p., 4 lám. ; _c27 cm. |
||
| 500 | _aGrab. y facsim. intercal. | ||
| 610 | 2 | 4 |
_aReal Fábrica de Loza y Porcelana del Conde de Aranda- _vHistoria. _9161571 |
| 650 | 4 |
_aCerámica de Alcora- _vHistoria. _9161572 |
|
| 852 |
_aES-MaACL _jF-921 |
||
| 999 |
_c60422 _d60422 |
||